| 000 | 01654cam a22004454i 4500 | ||
|---|---|---|---|
| 003 | PE-LiUPU | ||
| 005 | 20250731173442.0 | ||
| 008 | 150616s1969 sp r 000 0 spa d | ||
| 035 | _a(Sirsi) a5741 | ||
| 040 |
_aPE-LiUPU _bspa _cPE-LiUPU _erda |
||
| 049 | _aPRUA | ||
| 082 | 0 | 4 |
_a248.8943 _bM15 _221 |
| 100 | 1 |
_aMaertens, Thierry, _eautor. |
|
| 245 | 1 | 3 |
_aLa promoción de la mujer en la biblia / _cThierry Maertens. |
| 264 | 1 |
_aBilbao : _bImprenta encuadernaciones Belgas - Alto de los leones, _c1969. |
|
| 300 |
_a222 páginas ; _c19 centímetros |
||
| 336 |
_atext _2rdacontent |
||
| 337 |
_aunmediated _2rdamedia |
||
| 338 |
_avolume _2rdacarrier |
||
| 505 | 0 | _aLa misteriosa -- la compañera -- la ciudad -- La mujer en la nueva alianza -- la situación de la mujer casada -- El ministerio femenino -- La mujer en el ministerio de la Iglesia. | |
| 526 | _aSEG42 | ||
| 526 | _aSEG41 | ||
| 526 | _aSEG40 | ||
| 526 | _aSEG39 | ||
| 526 | _aP94 | ||
| 526 | _aP87 | ||
| 526 | _aP86 | ||
| 526 | _aP85 | ||
| 526 | _aP77 | ||
| 526 | _aP76 | ||
| 526 | _aP35 | ||
| 650 | 0 | 4 | _aMujeres en la Biblia - Promoción. |
| 910 |
_ajck _bjvq _cjck |
||
| 942 |
_2ddc _cBOOK |
||
| 949 |
_a248.8943 M15 _wDEWEY _c1 _i39312 _lCCODEBUL1 _mBUL _p00.00 _r0 _sY _tBOOK _u19951004 _xTEOLOGIA _zUNKNOWN _0COMPRA _o.STAFF. Colección General |
||
| 994 |
_aC0 _bPEPRU |
||
| 596 | _a1 | ||
| 999 |
_a248.8943 M15 _wDEWEY _c56803 _i39312 _d56803 _e2016-11-13 _f2021-11-12 _g5 _lCCODEBUL1 _mBUL _n3 _p27.08 _r0 _sY _tBOOK _u2015-6-16 _xTEOLOGIA _PP35 _0COMPRA _o.STAFF. Colección Teología |
||
| 980 |
_81 _gALBERTO SANCHEZ Responsable de Automatización |
||